LIBRARY & INFORMATION CENTRE, KCAET, TAVANUR

ONLINE PUBLIC ACCESS CATALOGUE (OPAC)

Elements of workshop technology / (Record no. 83)

MARC details
000 -LEADER
fixed length control field 00472cam a2200181ua 4500
003 - CONTROL NUMBER IDENTIFIER
control field OSt
008 - FIXED-LENGTH DATA ELEMENTS--GENERAL INFORMATION
fixed length control field 250315b |||||||| |||| 00| 0 eng d
041 ## - LANGUAGE CODE
Language code of text/sound track or separate title eng
082 ## - DEWEY DECIMAL CLASSIFICATION NUMBER
Classification number 621.9
Item number HAJ/EL
100 ## - MAIN ENTRY--AUTHOR NAME
Personal name Hajra Choudhry, S K .
245 ## - TITLE STATEMENT
Title Elements of workshop technology /
250 ## - EDITION STATEMENT
Edition statement 11 /
260 ## - PUBLICATION, DISTRIBUTION, ETC. (IMPRINT)
Place of publication :
Name of publisher Media promoters and publishers pvt ltd ,
Year of publication 1997.
300 ## - PHYSICAL DESCRIPTION
Number of Pages 652 ; .
500 ## - GENERAL NOTE
General note 18241 Scheme
700 1# - ADDED ENTRY--PERSONAL NAME
Personal name Hajra Choudhry, A K .
942 ## - ADDED ENTRY ELEMENTS (KOHA)
Koha item type Books
Holdings
Withdrawn status Lost status Damaged status Home library Current library Date acquired Full call number Accession Number Koha item type
      KAUAET KAUAET 17/03/1986 621.9 HAJ/EL 15030 Books
      KAUAET KAUAET 17/03/1986 621.9 HAJ/EL 15033 Books
      KAUAET KAUAET 02/10/1986 621.9 HAJ/EL 14774 Books
      KAUAET KAUAET 17/03/1986 621.9 HAJ/EL 15046 Books
      KAUAET KAUAET 02/10/1986 621.9 HAJ/EL 14775 Books
      KAUAET KAUAET 17/03/1986 621.9 HAJ/EL 15042 Books
      KAUAET KAUAET 17/03/1986 621.9 HAJ/EL 15021 Books
      KAUAET KAUAET 17/03/1986 621.9 HAJ/EL 15032 Books
      KAUAET KAUAET 02/10/1986 621.9 HAJ/EL 14768 Books
      KAUAET KAUAET 02/10/1986 621.9 HAJ/EL 14770 Books
Withdrawn   Damaged KAUAET KAUAET 17/03/1986 621.9 HAJ/EL 15036 Books
      KAUAET KAUAET 17/03/1986 621.9 HAJ/EL 15023 Books
      KAUAET KAUAET 02/10/1986 621.9 HAJ/EL 14771 Books
    Damaged KAUAET KAUAET 17/03/1986 621.9 HAJ/EL 15037 Books
Withdrawn     KAUAET KAUAET 17/03/1986 621.9 HAJ/EL 15035 Books
    Damaged KAUAET KAUAET 17/03/1986 621.9 HAJ/EL 15029 Books
      KAUAET KAUAET 02/10/1986 621.9 HAJ/EL 14767 Books
Withdrawn     KAUAET KAUAET 17/03/1986 621.9 HAJ/EL 15039 Books
      KAUAET KAUAET 17/03/1986 621.9 HAJ/EL 15051 Books
      KAUAET KAUAET 07/04/2012 621.9 HAJ/EL 10703 Books
      KAUAET KAUAET 17/03/1986 621.9 HAJ/EL 15034 Books
      KAUAET KAUAET 02/10/1986 621.9 HAJ/EL 14769 Books
      KAUAET KAUAET 17/03/1986 621.9 HAJ/EL 15024 Books
      KAUAET KAUAET 17/03/1986 621.9 HAJ/EL 15031 Books
free website counter